000 00653nas a2200217 i 4500
001 170214
003 ES-MaACL
005 20250709062530.0
008 090212d1898 sp | | 1 |spa d
080 _a460
080 _a37
245 0 0 _aNúmero-almanaque para 1898 de el Magisterio español.
260 _aMadrid :
_bEl Magisterio Español,
_c1898.
300 _a16 p. :
_bil. ;
_c35 cm.
310 _aAnual
500 _aCorresponde a los n. 2125-2126, 5 de enero de 1898, Año XXXII, 3ª época de El Magisterio español.
740 3 2 _aEl Magisterio español.
852 _aES-MaACL
942 _2udc
_cPERIODICA
999 _c170214
_d170214